მსოფლიოს სოციალური და ეკონომიური გეოგრაფია : (ბიბ.ჩანაწერი № 36301)
[ მარტივი ფორმატი ]
| 000 -ლიდერი | |
|---|---|
| ფიქსირებული სიგრძის საკონტროლო ველი | 01217nam a2200229Ia 4500 |
| 001 - საკონტროლო ნომერი | |
| საკონტროლო ველი | 2208 |
| 003 - საკონტროლო ნომრის იდენტიფიკატორი | |
| საკონტროლო ველი | GE_BSU |
| 005 - ბოლო ოპერაციის თარიღი და დრო | |
| საკონტროლო ველი | 20190522150716.0 |
| 008 - ფიქსირებული სიგრძის მონაცემთა ელემენტები - ზოგადი ინფორმაცია | |
| ფიქსირებული სიგრძის საკონტროლო ველი | 181216s1999||||ge |||||||||||||| ||geo|| |
| 040 ## - კატალოგიზაციის წყარო | |
| Transcribing agency | GE_BSU |
| 041 ## - ენის კოდი | |
| Language code of text/sound track or separate title | geo |
| 080 ## - უნივერსალური ათობითი კლასიფიკაციის ინდექსი | |
| Universal Decimal Classification number | 911.3(100)(075.8) ჟ–93 |
| 100 ## - მთავარი ჩანაწერი - პიროვნების სახელი | |
| Personal name | ჟღენტი, მ. |
| 9 (RLIN) | 1499 |
| 245 ## - ცნობა სათაურის შესახებ | |
| Title | მსოფლიოს სოციალური და ეკონომიური გეოგრაფია : |
| Remainder of title | სახელმძღვანელო უმაღლესი სასწავლებლის სტუდენტებისათვცის / |
| Statement of responsibility, etc | მ. ჟღენტი, ჯ. ხარიტონაშვილი ; რედ. ზ. დავითაშვილი. |
| 264 ## - წარმოების, გამოცემის, დისტრიბუციის და სხვა ცნობები | |
| გამოცემის, წარმოების, დისტრიბუციის... ადგილი | თბილისი, |
| გამოცემის, წარმოების, დისტრიბუციის... თარიღი | 1999. |
| 300 ## - ფიზიკური აღწერა | |
| Extent | 165 გვ.; |
| Other physical details | 19 სმ. |
| 653 ## - INDEX TERM--UNCONTROLLED | |
| Uncontrolled term | მსოფლიოს ეკონომიკური გეოგრაფია |
| 653 ## - INDEX TERM--UNCONTROLLED | |
| Uncontrolled term | მსოფლიოს სოციალური გეოგრაფია |
| 700 ## - ADDED ENTRY--PERSONAL NAME | |
| Personal name | ხარიტონაშვილი, ჯ. |
| Relator term | ავტორი |
| 9 (RLIN) | 1500 |
| 700 ## - ADDED ENTRY--PERSONAL NAME | |
| Personal name | დავითაშვილი, ზ. |
| Relator term | რედაქტორი |
| 9 (RLIN) | 1501 |
| 942 ## - ADDED ENTRY ELEMENTS (KOHA) | |
| Koha item type | წიგნი |
| Source of classification or shelving scheme | |
| ჩამოწერის სტატუსი | დაკარგული ეგზემპლარის სტატუსი | კლასიფიკაციის წყარო ან თაროზე გაწყობის სქემა | დაზიანების სტატუსი | არ გაიცემა | მუდმივი მდებარეობა (დაცვის ადგილი) | ამჟამინდელი ადგილსამყოფელი | თაროზე განთავსების ადგილი | შეძენის თარიღი | ღირებულება, შესყიდვის ნორმალური ფასი | სრული შენახვის შიფრი | შტრიხკოდი | ბოლო ოპერაციის თარიღი | ეგზემპლარის მიმდევრობითი ნომერი (კეტერი?) | ფასის ძალაში შესვლის თარიღი | ეგზემპლარის სახეობა | საჯარო შენიშვნა |
|---|---|---|---|---|---|---|---|---|---|---|---|---|---|---|---|---|
| ბათუმის შოთა რუსთაველის სახელმწიფო უნივერსიტეტის მთავარი ბიბლიოთეკა | ბათუმის შოთა რუსთაველის სახელმწიფო უნივერსიტეტის მთავარი ბიბლიოთეკა | წიგნსაცავი | 2018-12-17 | 5.00 | 911.3(100)(075.8) ჟ–99 | 4296 | 2018-12-17 | 4296 | 2018-12-17 | წიგნი | 5 ლ. | |||||
| ბათუმის შოთა რუსთაველის სახელმწიფო უნივერსიტეტის მთავარი ბიბლიოთეკა | ბათუმის შოთა რუსთაველის სახელმწიფო უნივერსიტეტის მთავარი ბიბლიოთეკა | წიგნსაცავი | 2022-10-28 | 6.00 | 911.3(100)(075.8) ჟ–99 | 28810 | 2022-10-28 | 28810 | 2022-10-28 | წიგნი | 6 ლ. | |||||
| ბათუმის შოთა რუსთაველის სახელმწიფო უნივერსიტეტის მთავარი ბიბლიოთეკა | ბათუმის შოთა რუსთაველის სახელმწიფო უნივერსიტეტის მთავარი ბიბლიოთეკა | წიგნსაცავი | 2025-11-12 | 6.00 | 911.3(100)(075.8) ჟ–99 | 73066 | 2025-11-12 | 73066 | 2025-11-12 | წიგნი | 6.00 | |||||
| ბათუმის შოთა რუსთაველის სახელმწიფო უნივერსიტეტის მთავარი ბიბლიოთეკა | ბათუმის შოთა რუსთაველის სახელმწიფო უნივერსიტეტის მთავარი ბიბლიოთეკა | წიგნსაცავი | 2026-01-09 | 6.00 | 911.3(100)(075.8) ჟ–99 | 73440 | 2026-01-09 | 73440 | 2026-01-09 | წიგნი | 6.00 | |||||
| ბათუმის შოთა რუსთაველის სახელმწიფო უნივერსიტეტის მთავარი ბიბლიოთეკა | ბათუმის შოთა რუსთაველის სახელმწიფო უნივერსიტეტის მთავარი ბიბლიოთეკა | წიგნსაცავი | 2026-01-09 | 6.00 | 911.3(100)(075.8) ჟ–99 | 73441 | 2026-01-09 | 73441 | 2026-01-09 | წიგნი | 6.00 | |||||
| ბათუმის შოთა რუსთაველის სახელმწიფო უნივერსიტეტის მთავარი ბიბლიოთეკა | ბათუმის შოთა რუსთაველის სახელმწიფო უნივერსიტეტის მთავარი ბიბლიოთეკა | წიგნსაცავი | 2026-01-09 | 6.00 | 911.3(100)(075.8) ჟ–99 | 73442 | 2026-01-09 | 73442 | 2026-01-09 | წიგნი | 6.00 | |||||
| ბათუმის შოთა რუსთაველის სახელმწიფო უნივერსიტეტის მთავარი ბიბლიოთეკა | ბათუმის შოთა რუსთაველის სახელმწიფო უნივერსიტეტის მთავარი ბიბლიოთეკა | წიგნსაცავი | 2026-01-12 | 6.00 | 911.3(100)(075.8) ჟ–93 | 73450 | 2026-01-12 | 73450 | 2026-01-12 | წიგნი | 6.00 |
